000 00578nam a2200181Ia 4500
999 _c3552
_d3552
003 OSt
005 20210127101803.0
008 190216s9999||||xx |||||||||||||| ||und||
020 _a9789350750452
040 _coclc
082 _a540
_bGUP/U
100 _aGupta, Preeti
_98445
245 0 _aUGC - CSIR NET / SET (JRF & LS ) Chemical Sciences /
_cPreeti Gupta ; Aditya Tomar ; Naveen Sharma
260 _bArihant Publications (india ) Limited,
_c2012.
_aNew Delhi:
300 _a1434p
650 _aChemistry
942 _cREF
_2ddc
_h540
_iGUP/U
_k540
_mGUP/U